| 000 | 00577nam a2200205Ia 4500 | ||
|---|---|---|---|
| 003 | GCL | ||
| 008 | 140319s9999 xx 000 0 ara d | ||
| 040 |
_aGCL / _cGCL |
||
| 082 | 0 | 4 |
_a891.7 _bغ ت |
| 100 | 1 | _aغوركى، مكسيم | |
| 245 | 1 | 0 |
_aتشيلكاشى: المشردون / _cغوركى، مكسيم |
| 700 | 1 | _aجورج جرداق (معرب) | |
| 300 | _a112 ص | ||
| 490 | _a | ||
| 650 | 0 | 4 | _aالادب العربى |
| 650 | 0 | 4 | _aالادب الروسى |
| 650 | 0 | 4 | _aالقصص الروسية |
| 650 | 0 | 4 | _aالقصص المترجمة |
| 942 |
_2ddc _cBK |
||
| 999 |
_c38598 _d38598 |
||